header

Governance and transition politics in Kenya / (Record no. 250418)

MARC details
000 -LEADER
fixed length control field 01112cam a2200325 a 4500
001 - CONTROL NUMBER
control field 14785077
003 - CONTROL NUMBER IDENTIFIER
control field OSt
005 - DATE AND TIME OF LATEST TRANSACTION
control field 20151013092635.0
008 - FIXED-LENGTH DATA ELEMENTS--GENERAL INFORMATION
fixed length control field 070327s2007 ke a b 001 0 eng
010 ## - LIBRARY OF CONGRESS CONTROL NUMBER
LC control number 2007380382
020 ## - INTERNATIONAL STANDARD BOOK NUMBER
International Standard Book Number 9966846948
040 ## - CATALOGING SOURCE
Original cataloging agency DLC
Transcribing agency DLC
Modifying agency DLC
042 ## - AUTHENTICATION CODE
Authentication code lcode
043 ## - GEOGRAPHIC AREA CODE
Geographic area code f-ke---
050 00 - LIBRARY OF CONGRESS CALL NUMBER
Classification number JQ2947.A91
Item number .G68 2007
245 00 - TITLE STATEMENT
Title Governance and transition politics in Kenya /
Statement of responsibility, etc editors, Peter Wanyande, Mary Omosa, Chweya Ludeki.
260 ## - PUBLICATION, DISTRIBUTION, ETC. (IMPRINT)
Place of publication, distribution, etc Nairobi :
Name of publisher, distributor, etc University of Nairobi Press,
Date of publication, distribution, etc 2007.
300 ## - PHYSICAL DESCRIPTION
Extent xvii, 311 p. :
Other physical details ill. ;
Dimensions 21 cm.
504 ## - BIBLIOGRAPHY, ETC. NOTE
Bibliography, etc Includes bibliographical references and index.
650 #0 - SUBJECT ADDED ENTRY--TOPICAL TERM
Topical term or geographic name as entry element Democratization
Geographic subdivision Kenya.
651 #0 - SUBJECT ADDED ENTRY--GEOGRAPHIC NAME
Geographic name Kenya
General subdivision Politics and government
Chronological subdivision 2002-
Geographic name Kenya
General subdivision Politics and government
Chronological subdivision 1978-2002.
700 1# - ADDED ENTRY--PERSONAL NAME
Personal name Wanyande, Peter.
Personal name Omosa, Mary.
Personal name Ludeki, Chweya.
856 41 - ELECTRONIC LOCATION AND ACCESS
Materials specified Table of contents only
Uniform Resource Identifier <a href="http://www.loc.gov/catdir/toc/fy0712/2007380382.html">http://www.loc.gov/catdir/toc/fy0712/2007380382.html</a>
906 ## - LOCAL DATA ELEMENT F, LDF (RLIN)
a 7
b cbc
c origode
d 3
e ncip
f 20
g y-gencatlg
942 ## - ADDED ENTRY ELEMENTS (KOHA)
Source of classification or shelving scheme Library of Congress Classification
Koha item type Long Loan Books
Holdings
Withdrawn status Lost status Source of classification or shelving scheme Damaged status Not for loan Collection code Home library Current library Shelving location Date acquired Total Checkouts Full call number Barcode Date last seen Price effective from Koha item type Date checked out
    Library of Congress Classification     Non-fiction Rongo University Library Rongo University Library General Stacks 13/10/2015   JQ2947.A91 .G68 2007 20152629 13/10/2015 13/10/2015 Long Loan Books  
    Library of Congress Classification     Non-fiction Rongo University Library Rongo University Library General Stacks 13/02/2023 3 JQ2947.A91 .G68 2007 20091515 11/04/2025 13/02/2023 Long Loan Books 26/03/2025

© 2026 Rongo University
Contact us: librarian | system librarian | Rongo university